Loading...
| Literature - British Literature | 5 | 1 | 0 | 0 | 85 | 38 | 57.50 | 4 | 5 |
| Literature - American Literature | 1 | 4 | 1 | 2 | 50 | 76 | 91.80 | 1 | 4 |
| Literature - World Literature | 2 | 1 | 1 | 1 | 35 | 74 | 85.00 | 1 | 2 |
| Literature - European Literature | 3 | 0 | 3 | 0 | 30 | 54 | 62.67 | 1 | 3 |
| History - American History | 0 | 2 | 0 | 0 | 20 | 74 | 101.00 | 0 | 2 |
| Mythology | 0 | 2 | 0 | 0 | 20 | 66 | 66.50 | 0 | 2 |
| History - Other History | 1 | 0 | 0 | 0 | 15 | 63 | 63.00 | 1 | 1 |
| Social Science- Edited | 0 | 1 | 0 | 0 | 10 | 82 | 82.00 | 0 | 1 |
| Religion | 0 | 1 | 0 | 0 | 10 | 83 | 83.00 | 1 | 1 |
| Science - Physics | 0 | 1 | 0 | 0 | 10 | 87 | 87.00 | 0 | 1 |
| Fine Arts - Other Fine Arts | 0 | 1 | 0 | 0 | 10 | 112 | 112.00 | 0 | 0 |
| Mythology- Edited | 0 | 1 | 0 | 0 | 10 | 118 | 118.00 | 0 | 0 |
| History - European History | 0 | 0 | 1 | 0 | -5 | 0.00 | 0 | 0 | |
| Science - Other Science | 0 | 0 | 1 | 0 | -5 | 0.00 | 0 | 0 | |
| Science - Chemistry | 0 | 0 | 2 | 0 | -10 | 0.00 | 0 | 0 |